USMLE: Step 1 (Record no. 98)

000 -LEADER
fixed length control field 00731nam a22002417a 4500
005 - DATE AND TIME OF LATEST TRANSACTION
control field 20210414082911.0
008 - FIXED-LENGTH DATA ELEMENTS--GENERAL INFORMATION
fixed length control field 201110s2019 ||||| |||| 00| 0 eng d
020 ## - INTERNATIONAL STANDARD BOOK NUMBER
International Standard Book Number 9781506236544
040 ## - CATALOGING SOURCE
Original cataloging agency eng
Transcribing agency DLC
041 ## - LANGUAGE CODE
Language code of text/sound track or separate title eng
080 ## - UNIVERSAL DECIMAL CLASSIFICATION NUMBER
Universal Decimal Classification number 616
Item number K-20
245 ## - TITLE STATEMENT
Title USMLE: Step 1
Remainder of title : Lecture Notes 2019, Pathology
Statement of responsibility, etc. / by Kaplan Medical: Edited by John Barone MD, Manuel A. Castro MD, AAHIVS
260 ## - PUBLICATION, DISTRIBUTION, ETC.
Place of publication, distribution, etc. New York
Name of publisher, distributor, etc. Kaplan Medical
Date of publication, distribution, etc. 2019
300 ## - PHYSICAL DESCRIPTION
Extent 285 pages
650 #0 - SUBJECT ADDED ENTRY--TOPICAL TERM
9 (RLIN) 69
Topical term or geographic name entry element Medicine
650 #0 - SUBJECT ADDED ENTRY--TOPICAL TERM
9 (RLIN) 112
Topical term or geographic name entry element Pathology
650 #0 - SUBJECT ADDED ENTRY--TOPICAL TERM
9 (RLIN) 72
Topical term or geographic name entry element USMLE STEP 1
653 ## - INDEX TERM--UNCONTROLLED
Uncontrolled term მედიცინა
653 ## - INDEX TERM--UNCONTROLLED
Uncontrolled term პათოლოგია
700 ## - ADDED ENTRY--PERSONAL NAME
9 (RLIN) 19
Personal name Barone, John MD
710 ## - ADDED ENTRY--CORPORATE NAME
9 (RLIN) 20
Corporate name or jurisdiction name as entry element Castro, A. Manuel MD, AAHIVS
942 ## - ADDED ENTRY ELEMENTS (KOHA)
Source of classification or shelving scheme
Koha item type Books
Holdings
Withdrawn status Lost status Source of classification or shelving scheme Damaged status Not for loan Permanent location Current location Date acquired Inventory number Full call number Barcode Date last seen Price effective from Koha item type
          Ken Walker International University Ken Walker International University 11/10/2020 47 616 K-20 47 11/10/2020 11/10/2020 Books

Powered by Koha